Statistics for Countries that Trade the most with Florida

Click here to take the quiz!

General Stats

  • This quiz has been taken 99 times
  • The average score is 18 of 23

Answer Stats

ExportsImportsCountry% Correct
3,0816,688Mexico
98%
3,5834,398Canada
95%
3,520France
95%
1,4921,998United Kingdom
94%
1,86712,593China
93%
2,3733,630Germany
92%
4,1693,464Brazil
91%
2,3002,368Colombia
87%
1,892Italy
86%
2,794Japan
86%
1,184India
85%
1,8162,620Chile
84%
1,668Argentina
83%
1,441Peru
79%
1,547South Korea
77%
1,5531,244Dominican Republic
74%
1,171Guatemala
71%
1,200Panama
70%
1,225Costa Rica
60%
2,775Vietnam
51%
1,245United Arab Emirates
50%
1,363Switzerland
49%
2,112Paraguay
48%

Score Distribution

Percentile by Number Answered

Percent of People with Each Score

Your Score History

You have not taken this quiz